MARC

LEADER 00000nam0a2200000 4500
001 209308
005 20231101225530.0
010 |a 9780521787208 
035 |a (RuTPU)RU\TPU\book\228631 
035 |a RU\TPU\book\228629 
090 |a 209308 
100 |a 20120210d2005 m y0engy50 ba 
101 0 |a eng 
102 |a GB 
105 |a a j 001zy 
200 1 |a Environmental Chemistry  |f A. Winfield 
210 |a Cambridge  |c Cambridge University Press  |d 2005 
215 |a 60 p.  |c il. 
225 1 |a Advanced Sciences 
320 |a Bibliography: p. 59. 
320 |a Glossary: p. 59. 
320 |a Index: p. 660. 
606 1 |a Окружающая среда  |x Химия  |2 stltpush  |3 (RuTPU)RU\TPU\subj\42124  |9 61860 
610 1 |a экология 
610 1 |a химическая экология 
610 1 |a химия 
610 1 |a химические элементы 
610 1 |a окружающая среда 
610 1 |a загрязнение биосферы 
610 1 |a английский язык 
675 |a 504  |v 3 
700 1 |a Winfield  |b A.  |g Alan 
801 1 |a RU  |b 63413507  |c 20120210 
801 2 |a RU  |b 63413507  |c 20120217  |g RCR 
942 |c BK